[Event "ODJM B 2024"]
[Site "Willingen GER"]
[Date "2024.05.19"]
[Round "2"]
[White "Tabales, Lennart"]
[Black "Wilke, Ronja"]
[Result "1-0"]
[Termination "normal"]
[Board "55"]
[WhiteElo "1587"]
[BlackElo "1596"]
[WhiteClock "00:07:47"]
[BlackClock "00:41:31"]
[PlyCount "71"]
[WhiteFideId "34604057"]
[BlackFideId "16288378"]
[EventCountry "GER"]
[EventRounds "9"]
[EventType "swiss"]
[EventDate "2024.05.18"]

1. e4 {[%clk 01:30:59]} c6 {[%clk 01:30:56]} {[%emt 00:00:05]} 2. d4 {[%clk
01:31:24]} {[%emt 00:00:04]} d5 {[%clk 01:31:07]} {[%emt 00:00:19]} 3. exd5
{[%clk 01:31:28]} {[%emt 00:00:27]} cxd5 {[%clk 01:31:28]} {[%emt 00:00:08]} 4.
c4 {[%clk 01:31:52]} {[%emt 00:00:06]} Nc6 {[%clk 01:28:53]} {[%emt 00:03:05]}
5. Nf3 {[%clk 01:28:58]} {[%emt 00:03:24]} Bg4 {[%clk 01:28:52]} {[%emt
00:00:31]} 6. Nc3 {[%clk 01:20:01]} {[%emt 00:09:27]} e6 {[%clk 01:26:51]}
{[%emt 00:02:31]} 7. Be2 {[%clk 01:16:07]} {[%emt 00:04:24]} Bb4 {[%clk
01:24:56]} {[%emt 00:02:24]} 8. O-O {[%clk 01:06:59]} {[%emt 00:09:39]} Nge7
{[%clk 01:23:40]} {[%emt 00:01:46]} 9. Qb3 {[%clk 01:02:16]} {[%emt 00:05:12]}
Rb8 {[%clk 01:21:17]} {[%emt 00:02:54]} 10. Be3 {[%clk 00:56:36]} {[%emt
00:06:10]} Ba5 {[%clk 01:19:13]} {[%emt 00:02:34]} 11. h3 {[%clk 00:53:09]}
{[%emt 00:03:57]} Bh5 {[%clk 01:15:25]} {[%emt 00:04:18]} 12. Rac1 {[%clk
00:51:29]} {[%emt 00:02:11]} O-O {[%clk 01:12:52]} {[%emt 00:03:01]} 13. Bf4
{[%clk 00:46:03]} {[%emt 00:05:56]} Bc7 {[%clk 01:12:47]} {[%emt 00:00:36]} 14.
Bxc7 {[%clk 00:44:21]} {[%emt 00:02:12]} Qxc7 {[%clk 01:13:10]} {[%emt
00:00:07]} 15. Nxd5 {[%clk 00:34:26]} {[%emt 00:10:25]} Bxf3 {[%clk 01:09:40]}
{[%emt 00:04:00]} 16. Nxc7 {[%clk 00:29:11]} {[%emt 00:05:45]} Nxd4 {[%clk
01:08:27]} {[%emt 00:01:42]} 17. Qxf3 {[%clk 00:26:48]} {[%emt 00:02:54]} Nxf3+
{[%clk 01:08:29]} {[%emt 00:00:28]} 18. Bxf3 {[%clk 00:27:16]} {[%emt
00:00:02]} a6 {[%clk 01:08:21]} {[%emt 00:00:39]} 19. Rfd1 {[%clk 00:25:54]}
{[%emt 00:01:51]} Ng6 {[%clk 01:06:59]} {[%emt 00:01:52]} 20. Be4 {[%clk
00:23:32]} {[%emt 00:02:52]} Nf4 {[%clk 01:00:52]} {[%emt 00:06:37]} 21. Kf1
{[%clk 00:21:37]} {[%emt 00:02:25]} Nh5 {[%clk 00:58:26]} {[%emt 00:02:56]} 22.
Bf3 {[%clk 00:17:24]} {[%emt 00:04:43]} Nf6 {[%clk 00:58:35]} {[%emt 00:00:21]}
23. Rd6 {[%clk 00:15:43]} {[%emt 00:02:10]} Rbc8 {[%clk 00:56:03]} {[%emt
00:03:02]} 24. Nxe6 {[%clk 00:14:13]} {[%emt 00:02:00]} fxe6 {[%clk 00:55:59]}
{[%emt 00:00:34]} 25. Rxe6 {[%clk 00:11:26]} {[%emt 00:03:17]} Rc7 {[%clk
00:56:01]} {[%emt 00:00:28]} 26. Rb6 {[%clk 00:11:24]} {[%emt 00:00:30]} Rb8
{[%clk 00:55:25]} {[%emt 00:01:08]} 27. b3 {[%clk 00:11:17]} {[%emt 00:00:37]}
Nd7 {[%clk 00:54:07]} {[%emt 00:01:48]} 28. Rd6 {[%clk 00:10:38]} {[%emt
00:01:09]} Nc5 {[%clk 00:52:49]} {[%emt 00:01:49]} 29. Rcd1 {[%clk 00:08:44]}
{[%emt 00:02:24]} Kf7 {[%clk 00:52:22]} {[%emt 00:00:48]} 30. b4 {[%clk
00:07:45]} {[%emt 00:01:38]} Na4 {[%clk 00:51:29]} {[%emt 00:01:22]} 31. Rd7+
{[%clk 00:07:58]} {[%emt 00:00:18]} Rxd7 {[%clk 00:51:18]} {[%emt 00:00:41]}
32. Rxd7+ {[%clk 00:08:26]} {[%emt 00:00:02]} Kf6 {[%clk 00:51:15]} {[%emt
00:00:32]} 33. Rxb7 {[%clk 00:08:35]} {[%emt 00:00:22]} Rc8 {[%clk 00:49:02]}
{[%emt 00:02:43]} 34. c5 {[%clk 00:07:57]} {[%emt 00:01:08]} Ra8 {[%clk
00:41:25]} {[%emt 00:08:02]} 35. Rxg7 {[%clk 00:07:23]} {[%emt 00:01:08]} Kxg7
{[%clk 00:41:31]} {[%emt 00:00:24]} 36. Bxa8 {[%clk 00:07:47]} {[%emt
00:00:07]} 1-0

[Event "ODJM B 2024"]
[Site "Willingen GER"]
[Date "2024.05.19"]
[Round "2"]
[White "Briese, Paul"]
[Black "Jung, Marcel"]
[Result "1-0"]
[Termination "normal"]
[Board "56"]
[WhiteElo "1625"]
[BlackElo "1709"]
[WhiteClock "00:03:54"]
[BlackClock "00:16:19"]
[PlyCount "83"]
[WhiteFideId "16273826"]
[BlackFideId "34673881"]
[EventCountry "GER"]
[EventRounds "9"]
[EventType "swiss"]
[EventDate "2024.05.18"]

1. e4 {[%clk 01:30:59]} {[%emt 01:44:18]} e5 {[%clk 01:30:47]} {[%emt
00:00:14]} 2. Nf3 {[%clk 01:31:23]} {[%emt 00:00:06]} Nc6 {[%clk 01:31:12]}
{[%emt 00:00:04]} 3. Bc4 {[%clk 01:31:46]} {[%emt 00:00:08]} Bc5 {[%clk
01:31:23]} {[%emt 00:00:18]} 4. Nc3 {[%clk 01:32:05]} {[%emt 00:00:12]} Nf6
{[%clk 01:31:14]} {[%emt 00:00:39]} 5. d3 {[%clk 01:32:04]} {[%emt 00:00:31]}
d6 {[%clk 01:31:35]} {[%emt 00:00:09]} 6. h3 {[%clk 01:31:03]} {[%emt
00:01:31]} h6 {[%clk 01:30:12]} {[%emt 00:01:52]} 7. Be3 {[%clk 01:30:08]}
{[%emt 00:01:26]} Bb6 {[%clk 01:29:51]} {[%emt 00:00:51]} 8. Qd2 {[%clk
01:28:54]} {[%emt 00:01:44]} Be6 {[%clk 01:29:48]} {[%emt 00:00:33]} 9. Bb3
{[%clk 01:27:38]} {[%emt 00:01:46]} Bxb3 {[%clk 01:23:02]} {[%emt 00:07:16]}
10. axb3 {[%clk 01:26:03]} {[%emt 00:02:05]} Nd4 {[%clk 01:23:11]} {[%emt
00:00:21]} 11. Bxd4 {[%clk 01:24:40]} {[%emt 00:01:53]} exd4 {[%clk 01:23:35]}
{[%emt 00:00:06]} 12. Ne2 {[%clk 01:19:00]} {[%emt 00:06:09]} c5 {[%clk
01:23:44]} {[%emt 00:00:22]} 13. O-O {[%clk 01:16:17]} {[%emt 00:03:12]} O-O
{[%clk 01:24:05]} {[%emt 00:00:10]} 14. b4 {[%clk 01:10:28]} {[%emt 00:06:20]}
Re8 {[%clk 01:23:04]} {[%emt 00:01:30]} 15. bxc5 {[%clk 01:10:06]} {[%emt
00:00:52]} dxc5 {[%clk 01:23:27]} {[%emt 00:00:06]} 16. Ng3 {[%clk 00:59:45]}
{[%emt 00:10:51]} Bc7 {[%clk 01:22:11]} {[%emt 00:01:47]} 17. Nf5 {[%clk
00:54:10]} {[%emt 00:06:05]} Qd7 {[%clk 01:18:09]} {[%emt 00:04:22]} 18. Rfe1
{[%clk 00:50:27]} {[%emt 00:04:23]} a6 {[%clk 01:16:53]} {[%emt 00:01:46]} 19.
N3h4 {[%clk 00:45:36]} {[%emt 00:05:21]} b5 {[%clk 01:05:39]} {[%emt 00:11:44]}
20. Nxh6+ {[%clk 00:41:39]} {[%emt 00:04:26]} gxh6 {[%clk 01:05:21]} {[%emt
00:00:47]} 21. Qxh6 {[%clk 00:41:59]} {[%emt 00:00:10]} Nh7 {[%clk 01:00:21]}
{[%emt 00:05:30]} 22. Nf5 {[%clk 00:35:03]} {[%emt 00:07:26]} Be5 {[%clk
00:58:19]} {[%emt 00:02:33]} 23. f4 {[%clk 00:34:11]} {[%emt 00:01:22]} Re6
{[%clk 00:57:51]} {[%emt 00:00:58]} 24. Qh5 {[%clk 00:31:32]} {[%emt 00:03:02]}
Bh8 {[%clk 00:47:22]} {[%emt 00:11:06]} 25. Qg4+ {[%clk 00:22:55]} {[%emt
00:09:07]} Kf8 {[%clk 00:44:44]} {[%emt 00:03:08]} 26. Ng3 {[%clk 00:17:41]}
{[%emt 00:05:43]} Qc6 {[%clk 00:41:49]} {[%emt 00:03:27]} 27. f5 {[%clk
00:16:55]} {[%emt 00:01:16]} Rh6 {[%clk 00:40:53]} {[%emt 00:01:24]} 28. e5
{[%clk 00:14:26]} {[%emt 00:03:00]} Re8 {[%clk 00:34:42]} {[%emt 00:06:42]} 29.
f6 {[%clk 00:14:23]} {[%emt 00:00:33]} Rg6 {[%clk 00:34:42]} {[%emt 00:00:29]}
30. Qh4 {[%clk 00:10:02]} {[%emt 00:04:51]} Kg8 {[%clk 00:34:02]} {[%emt
00:01:10]} 31. Re4 {[%clk 00:09:44]} {[%emt 00:00:49]} Qe6 {[%clk 00:25:32]}
{[%emt 00:09:00]} 32. Nh5 {[%clk 00:08:24]} {[%emt 00:01:49]} Qf5 {[%clk
00:23:04]} {[%emt 00:02:58]} 33. Nf4 {[%clk 00:05:48]} {[%emt 00:03:07]} Rg5
{[%clk 00:19:02]} {[%emt 00:04:31]} 34. g4 {[%clk 00:04:43]} {[%emt 00:01:35]}
Qd7 {[%clk 00:18:36]} {[%emt 00:00:56]} 35. Rxa6 {[%clk 00:04:29]} {[%emt
00:00:45]} Qb7 {[%clk 00:17:17]} {[%emt 00:01:49]} 36. Rd6 {[%clk 00:03:47]}
{[%emt 00:01:11]} Qc7 {[%clk 00:15:38]} {[%emt 00:02:08]} 37. Nd5 {[%clk
00:04:03]} {[%emt 00:00:16]} Qb7 {[%clk 00:15:36]} {[%emt 00:00:31]} 38. Ne7+
{[%clk 00:03:49]} {[%emt 00:00:44]} Kf8 {[%clk 00:15:16]} {[%emt 00:00:50]} 39.
Qxh7 {[%clk 00:03:32]} {[%emt 00:00:46]} Rxe7 {[%clk 00:15:29]} {[%emt
00:00:18]} 40. Qxh8+ {[%clk 00:03:21]} {[%emt 00:00:41]} Rg8 {[%clk 00:15:54]}
{[%emt 00:00:06]} 41. Rd8+ {[%clk 00:03:33]} {[%emt 00:00:17]} Re8 {[%clk
00:16:19]} {[%emt 00:00:05]} 42. Qh6+ {[%clk 00:03:54]} {[%emt 00:00:08]} 1-0